| 000 | 01023cam a22002653a 4500 | ||
|---|---|---|---|
| 001 | 26781 | ||
| 003 | PGUSA | ||
| 005 | 20140828083558.0 | ||
| 008 | 081005s2008||||xxu|||||s|||||000 | eng d | ||
| 040 |
_aPGUSA _beng |
||
| 042 | _adc | ||
| 050 | 4 | _aDS | |
| 100 | 1 | _aHaensel, Johann Gottfried | |
| 245 | 1 | 0 |
_aLetters on the Nicobar islands, their natural productions, and the manners, customs, and superstitions of the natives : _bwith an account of an attempt made by the Church of the United Brethren, to convert them to Christianity _h[electronic resource] / _cJohann Gottfried Haensel |
| 260 |
_bProject Gutenberg, _c2008 |
||
| 506 | _aPublic domain in the USA. | ||
| 516 | _aElectronic text | ||
| 653 | _aMissions -- India -- Nicobar Islands | ||
| 653 | _aNicobar Islands (India) -- Description and travel | ||
| 653 | _aMoravian Church -- Missions | ||
| 700 | 1 |
_aLatrobe, Christian Ignatius, _d1758-1836 |
|
| 830 | 0 |
_aProject Gutenberg _v26781 |
|
| 856 | 4 | 0 | _uhttp://www.gutenberg.org/ebooks/26781 |
| 942 | _cEB | ||
| 999 |
_c256036 _d256036 |
||